The new communications technologies / (Record no. 182557)
[ view plain ]
| 000 -LEADER | |
|---|---|
| fixed length control field | 00859 a2200217 4500 |
| 003 - CONTROL NUMBER IDENTIFIER | |
| control field | Nust |
| 005 - DATE AND TIME OF LATEST TRANSACTION | |
| control field | 20221208120216.0 |
| 010 ## - LIBRARY OF CONGRESS CONTROL NUMBER | |
| LC control number | 97008134 |
| 020 ## - INTERNATIONAL STANDARD BOOK NUMBER | |
| International Standard Book Number | 0240802586 (alk. paper) |
| 040 ## - CATALOGING SOURCE | |
| Transcribing agency | Nust |
| 082 00 - DEWEY DECIMAL CLASSIFICATION NUMBER | |
| Classification number | 621.382,MIR |
| 100 1# - MAIN ENTRY--PERSONAL NAME | |
| Personal name | Mirabito, Michael M. |
| 9 (RLIN) | 104443 |
| 245 14 - TITLE STATEMENT | |
| Title | The new communications technologies / |
| Statement of responsibility, etc. | Michael M.A. Mirabito ; with contributions by Barbara L. Morgenstern. |
| 250 ## - EDITION STATEMENT | |
| Edition statement | 3rd. ed. |
| 260 ## - PUBLICATION, DISTRIBUTION, ETC. | |
| Place of publication, distribution, etc. | Boston : |
| Name of publisher, distributor, etc. | focal press |
| Date of publication, distribution, etc. | 2004. |
| 300 ## - PHYSICAL DESCRIPTION | |
| Extent | xii, 256 p. : |
| Other physical details | ill. ; |
| Dimensions | 26 cm. |
| 505 ## - FORMATTED CONTENTS NOTE | |
| Formatted contents note | Foundation (Page-1), Information Transmission (Page-59), Information Storage (Page-119), Production Technologies (Page-135), Information, Entertainment and Communication Services (Page-207), The Law (Page-253) |
| 650 #0 - SUBJECT ADDED ENTRY--TOPICAL TERM | |
| Topical term or geographic name entry element | Telecommunications engineering. |
| 9 (RLIN) | 58485 |
| 700 1# - ADDED ENTRY--PERSONAL NAME | |
| Personal name | Morgenstern, Barbara L. |
| 9 (RLIN) | 104444 |
| 942 ## - ADDED ENTRY ELEMENTS (KOHA) | |
| Source of classification or shelving scheme | |
| Koha item type | Book |
| Withdrawn status | Lost status | Source of classification or shelving scheme | Damaged status | Not for loan | Permanent Location | Current Location | Shelving location | Date acquired | Full call number | Barcode | Date last seen | Price effective from | Koha item type | Public note |
|---|---|---|---|---|---|---|---|---|---|---|---|---|---|---|
| Military College of Signals (MCS) | Military College of Signals (MCS) | General Stacks | 12/12/2016 | 621.382,MOR | MCS27224 | 12/08/2016 | 12/12/2016 | Book | Almirah No.35, Shelf No.4 |
